| 000 | 00588nam a2200229 a 4500 | ||
|---|---|---|---|
| 999 |
_c8509 _d8509 |
||
| 001 | 8509 | ||
| 003 | BD-JhCC | ||
| 005 | 20180226174832.0 | ||
| 008 | 180226s r a|||| || | 001 0 eng d | ||
| 035 | _a(BD-JhCC)8509 | ||
| 040 |
_aBD-JhCC _dBD-JhCC |
||
| 041 | _aeng | ||
| 082 |
_a621.314 _bANS |
||
| 100 | _aMinsker, E. | ||
| 245 |
_aAssembly of Power Transformers / _c E. Minsker and V. Anshin, |
||
| 260 |
_aMoscow : _bMir Publishers, |
||
| 300 |
_a283 p. : _bill. ; _c18 cm. |
||
| 504 | _aIncludes Index | ||
| 650 | _aElectic Tranformers | ||
| 942 |
_2ddc _cBK |
||